000 00351nam a22001457a 4500
008 221216b ||||| |||| 00| 0 eng d
020 _a1883595274
041 _aeng
080 _a616.9
082 _a616.9COU
100 _a16.2
101 _aINFEK
245 _aOCCUPATIONAL AND ENVIRONMENTAL INFECTIOUS DISEASES
_cCOUTURIER J A
942 _2udc
_cBK
999 _c59189
_d59189